[Event "POL-chT U19 2nd League"]
[Site "Iwonicz"]
[Date "2016.07.31"]
[Round "4.5"]
[White "Kucharska, Honorata"]
[Black "Kozaczynska, Aleksandra"]
[Result "1-0"]
[WhiteElo "1855"]
[BlackElo "1683"]
[PlyCount "164"]
[EventDate "2016.07.23"]
[EventType "team-swiss"]
[EventRounds "11"]
[EventCountry "POL"]
[SourceTitle "EXT 2019"]
[Source "ChessBase"]
[SourceDate "2018.10.10"]
[SourceVersion "1"]
[SourceVersionDate "2018.10.10"]
[SourceQuality "1"]
[WhiteTeam "Rybnik MKSz U19 II"]
[BlackTeam "Chylice KS Laura U19 II"]
[WhiteTeamCountry "POL"]
[BlackTeamCountry "POL"]

1. e4 c5 2. b3 e5 3. Bb2 Nc6 4. g3 Nf6 5. Bg2 Be7 6. Ne2 d6 7. d3 0-0 8. 0-0 b6 9. c4 Bb7 10. f4 Nd4 11. Bc1 Re8 12. f5 Nd7 13. Nd2 Bg5 14. Nf3 Bxc1 15. Rxc1 Nxf3+ 16. Rxf3 f6 17. g4 Nb8 18. Qd2 Nc6 19. Rg3 h6 20. h4 Kf7 21. g5 hxg5 22. hxg5 Rg8 23. Kf2 fxg5 24. Rh1 Rh8 25. Rxh8 Qxh8 26. Qxg5 Rd8 27. Qg6+ Kf8 28. Rh3 Qg8 29. Rh7 Ne7 30. Qh5 Qf7 31. Qg5 Rd7 32. Bh3 Ng8 33. Ng3 Qf6 34. Qh5 Bc6 35. Rh8 Re7 36. Qh7 Qf7 37. Bg4 g6 38. Qh4 Bd7 39. Ke1 gxf5 40. Bxf5 Be6 41. Bh7 Qf4 42. Qxf4+ exf4 43. Bxg8 Bxg8 44. Nf5 Rh7 45. Rxh7 Bxh7 46. Kf2 Kf7 47. Kf3 Ke6 48. Kxf4 a6 49. Ne3 b5 50. Nd5 bxc4 51. bxc4 a5 52. a3 Bg6 53. Ke3 Ke5 54. Nc3 Bh5 55. Nb5 Bf7 56. Nc7 Bh5 57. Nd5 Bf7 58. Nf4 Be8 59. Nh3 Bg6 60. Nf4 Be8 61. Ne2 Bf7 62. d4+ cxd4+ 63. Nxd4 Bxc4 64. Nc6+ Ke6 65. Nxa5 Bb5 66. Kd4 Ba4 67. Nc4 Bc6 68. Nb6 Bb7 69. a4 Ba6 70. a5 Bb7 71. Nd5 Kd7 72. Nb4 Kc7 73. a6 Ba8 74. Nd5+ Kb8 75. Kc4 Bc6 76. Kb4 Ka7 77. Ka5 Be8 78. Nc7 Bc6 79. Nb5+ Kb8 80. Nxd6 Kc7 81. Nb5+ Kb8 82. e5 Bd7 1-0

[Event "POL-chT U19 2nd League"]
[Site "Iwonicz"]
[Date "2016.07.31"]
[Round "6.29"]
[White "Maciak, Gabriela"]
[Black "Kozaczynska, Aleksandra"]
[Result "0-1"]
[WhiteElo "1492"]
[BlackElo "1683"]
[PlyCount "130"]
[EventDate "2016.07.23"]
[EventType "team-swiss"]
[EventRounds "11"]
[EventCountry "POL"]
[SourceTitle "EXT 2019"]
[Source "ChessBase"]
[SourceDate "2018.10.10"]
[SourceVersion "1"]
[SourceVersionDate "2018.10.10"]
[SourceQuality "1"]
[WhiteTeam "Legnica Miedz U19"]
[BlackTeam "Chylice KS Laura U19 II"]
[WhiteTeamCountry "POL"]
[BlackTeamCountry "POL"]

1. d4 Nf6 2. Nc3 g6 3. e4 d6 4. Bg5 Bg7 5. e5 Ng8 6. exd6 Qxd6 7. Be3 c6 8. Nf3 Nd7 9. Qd2 Ngf6 10. 0-0-0 b5 11. d5 Nxd5 12. Nxd5 cxd5 13. Qxd5 Qxd5 14. Rxd5 a6 15. Be2 Nf6 16. Rd2 Ne4 17. Rdd1 Bb7 18. Nd4 Rc8 19. Nb3 Nf6 20. Rhg1 Nd5 21. Bc5 Nf4 22. Bf1 Bf6 23. g3 Ne6 24. Be3 Ng5 25. Bg2 Nf3 26. Rh1 a5 27. Nc5 Bc6 28. h4 0-0 29. Nd7 Bxd7 30. Rxd7 Ne5 31. Rd5 a4 32. Be4 Rb8 33. Bf4 Nc4 34. Bxb8 Bxb2+ 35. Kd1 Rxb8 36. Ke2 Nd6 37. Bd3 b4 38. Rb1 a3 39. Ra5 e5 40. f3 Kf8 41. Ra7 Rc8 42. Rd1 Bd4 43. Rd7 Nc4 44. Bxc4 Rxc4 45. Kd2 Rc3 46. Rb7 Rxf3 47. Rb8+ Kg7 48. Rb1 Bc3+ 49. Ke2 Rxg3 50. Rf1 Rg2+ 51. Rf2 Rxf2+ 52. Kxf2 h6 53. Kf3 Kf6 54. Rb7 Ke6 55. Rb6+ Kf5 56. Rb5 f6 57. Rc5 g5 58. Rc4 h5 59. hxg5 fxg5 60. Rc8 g4+ 61. Ke3 Bd4+ 62. Ke2 Kf4 63. Rf8+ Kg3 64. Kf1 h4 65. c3 bxc3 0-1

[Event "POL-chT U19 2nd League"]
[Site "Iwonicz"]
[Date "2016.07.31"]
[Round "2.23"]
[White "Wilant, Marta"]
[Black "Kozaczynska, Aleksandra"]
[Result "0-1"]
[WhiteElo "1306"]
[BlackElo "1683"]
[PlyCount "84"]
[EventDate "2016.07.23"]
[EventType "team-swiss"]
[EventRounds "11"]
[EventCountry "POL"]
[SourceTitle "EXT 2019"]
[Source "ChessBase"]
[SourceDate "2018.10.10"]
[SourceVersion "1"]
[SourceVersionDate "2018.10.10"]
[SourceQuality "1"]
[WhiteTeam "Kozuchow Odrodzenie U19"]
[BlackTeam "Chylice KS Laura U19 II"]
[WhiteTeamCountry "POL"]
[BlackTeamCountry "POL"]

1. d4 Nf6 2. Nf3 g6 3. g3 Bg7 4. Bg2 0-0 5. 0-0 d6 6. Nbd2 Nbd7 7. c4 e5 8. dxe5 dxe5 9. Qc2 Qe7 10. Ng5 Nh5 11. Nh3 c6 12. e4 a5 13. Nb1 Nc5 14. Be3 Be6 15. b3 h6 16. Nc3 Na6 17. Na4 f5 18. Bb6 f4 19. Qe2 f3 20. Bxf3 Bxh3 21. Rfd1 Qg5 22. Bxh5 gxh5 23. Rd6 Bg4 24. Qe1 h4 25. Bxa5 hxg3 26. fxg3 Qh5 27. Qd2 Bf3 28. Nb6 Rae8 29. Re1 Rf7 30. Nd7 Qg4 31. Bc3 Bxe4 32. Qe3 Rxd7 33. Rxd7 Qxd7 34. Qxe4 Nc5 35. Qe3 Qd3 36. Qxd3 Nxd3 37. Rd1 e4 38. Bxg7 Kxg7 39. Kf1 Rf8+ 40. Ke2 Rf3 41. Rf1 Rxf1 42. Kxf1 Nc1 0-1

[Event "POL-ch U18 Girls"]
[Site "Karpacz"]
[Date "2015.??.??"]
[Round "2"]
[White "Burakowska, Gabriela"]
[Black "Kozaczynska, Aleksandra"]
[Result "1-0"]
[WhiteElo "1728"]
[BlackElo "1621"]
[PlyCount "67"]
[EventDate "2015.03.??"]
[EventType "swiss"]
[EventRounds "9"]
[EventCountry "POL"]
[SourceTitle "EXT 2017"]
[Source "ChessBase"]
[SourceDate "2016.10.25"]
[SourceVersion "1"]
[SourceVersionDate "2016.10.25"]
[SourceQuality "1"]

1. d4 Nf6 2. c4 g6 3. Nc3 Bg7 4. f3 d6 5. e4 Nbd7 6. Be3 c5 7. d5 a6 8. h3 Nh5 9. Bf2 Qa5 10. Rc1 Qb4 11. Qc2 Ne5 12. a3 Qa5 13. g3 0-0 14. f4 Nd7 15. Be2 Bxc3+ 16. bxc3 Nhf6 17. Nf3 Qxa3 18. 0-0 Qa5 19. Kh2 Qc7 20. Bd3 e6 21. e5 dxe5 22. fxe5 Nxe5 23. Nxe5 Qxe5 24. Bxc5 Nh5 25. Qf2 Rd8 26. Qxf7+ Kh8 27. Bd4 Qxd4 28. cxd4 exd5 29. g4 dxc4 30. Bxc4 Bd7 31. gxh5 Rf8 32. Qxd7 gxh5 33. Bd3 Rad8 34. Qxh7# 1-0

[Event "Kresowy 6th"]
[Site "Sokolka"]
[Date "2015.??.??"]
[Round "4"]
[White "Ziziuk, Martyna"]
[Black "Kozaczynska, Aleksandra"]
[Result "1/2-1/2"]
[WhiteElo "1491"]
[BlackElo "1611"]
[PlyCount "53"]
[EventDate "2015.07.06"]
[EventType "tourn"]
[EventRounds "7"]
[EventCountry "POL"]
[SourceTitle "EXT 2018"]
[Source "ChessBase"]
[SourceDate "2017.10.13"]
[SourceVersion "1"]
[SourceVersionDate "2017.10.13"]
[SourceQuality "1"]

1. c4 c5 2. Nc3 g6 3. g3 Bg7 4. Bg2 d6 5. e3 e5 6. Nge2 Nc6 7. a3 Nge7 8. 0-0 0-0 9. Rb1 a5 10. b3 f5 11. Nd5 Nxd5 12. Bxd5+ Kh8 13. Bb2 Ne7 14. Bg2 Qc7 15. d4 Be6 16. d5 Bd7 17. a4 Rae8 18. Qd2 Ng8 19. f4 Rf7 20. Bc3 b6 21. Nc1 Rfe7 22. Nd3 exf4 23. Bxg7+ Kxg7 24. exf4 Nf6 25. Rbe1 Ne4 26. Qb2+ Kf7 27. Nf2 1/2-1/2

[Event "Sokolka op 5th"]
[Site "Sokolka"]
[Date "2014.07.16"]
[Round "9"]
[White "Sernecki, Franciszek"]
[Black "Kozaczynska, Aleksandra"]
[Result "1-0"]
[WhiteElo "1802"]
[BlackElo "1583"]
[PlyCount "93"]
[EventDate "2014.07.08"]
[EventType "swiss"]
[EventRounds "9"]
[EventCountry "POL"]
[SourceTitle "CBM 161 Extra"]
[Source "ChessBase"]
[SourceDate "2014.08.29"]
[SourceVersion "1"]
[SourceVersionDate "2014.08.29"]
[SourceQuality "1"]

1. e4 c5 2. Nf3 d6 3. d4 cxd4 4. Nxd4 Nf6 5. Nc3 g6 6. Bc4 Bg7 7. 0-0 a6 8. Re1 Nbd7 9. h3 b5 10. Bd5 Nxd5 11. Nxd5 Bb7 12. Bg5 Bxd5 13. exd5 Ne5 14. f4 Qb6 15. Kh1 f6 16. Bh4 Nc4 17. Ne6 Bh6 18. Qe2 Kd7 19. a4 Rhe8 20. a5 Nxa5 21. Bf2 Qb7 22. Rxa5 Qxd5 23. Nc5+ Kc8 24. Qe6+ Qxe6 25. Nxe6 Kd7 26. g4 Rec8 27. c3 Rc6 28. g5 Bf8 29. gxf6 exf6 30. Nxf8+ Rxf8 31. Rea1 Re8 32. Bd4 Ke6 33. Rxa6 Rxa6 34. Rxa6 Rb8 35. b4 Rb7 36. Kg2 f5 37. Kf3 Kd5 38. Rb6 Rxb6 39. Bxb6 Kc4 40. Bd4 Kd3 41. Be5 d5 42. Bd4 h6 43. Bg7 Kc4 44. Ke3 h5 45. Bf6 h4 46. Bg7 Kb3 47. Kd4 1-0

[Event "Sokolka op 5th"]
[Site "Sokolka"]
[Date "2014.07.15"]
[Round "8"]
[White "Kozaczynska, Aleksandra"]
[Black "Kotarski, Bartosz"]
[Result "1/2-1/2"]
[WhiteElo "1583"]
[BlackElo "1629"]
[PlyCount "124"]
[EventDate "2014.07.08"]
[EventType "swiss"]
[EventRounds "9"]
[EventCountry "POL"]
[SourceTitle "CBM 161 Extra"]
[Source "ChessBase"]
[SourceDate "2014.08.29"]
[SourceVersion "1"]
[SourceVersionDate "2014.08.29"]
[SourceQuality "1"]

1. e4 c5 2. Nf3 Nf6 3. Nc3 Nc6 4. d4 d5 5. exd5 Nxd5 6. Nxd5 Qxd5 7. dxc5 Qxc5 8. c3 e5 9. Be3 Qa5 10. Qb3 Be7 11. Be2 0-0 12. 0-0 Qc7 13. Rfd1 Be6 14. Qc2 f5 15. Bb5 f4 16. Bd2 Bc5 17. Ng5 Bf5 18. Bd3 g6 19. Qb3+ Kh8 20. Bxf5 Rxf5 21. Ne4 Bb6 22. Qe6 Qf7 23. Qxf7 Rxf7 24. Be1 Re7 25. Rd5 Kg7 26. Rad1 Rc8 27. Kf1 Nb8 28. b3 Na6 29. f3 Nc5 30. Bh4 Nxe4 31. fxe4 Rf7 32. c4 Bd4 33. Bf2 Bxf2 34. Kxf2 Re7 35. Rd6 b5 36. cxb5 Rc2+ 37. R1d2 Rec7 38. Ke2 R2c3 39. Rd7+ Kf6 40. Rxc7 Rxc7 41. a4 Rc3 42. Rd3 Rc2+ 43. Kf3 Ke6 44. h3 g5 45. g3 h5 46. a5 Rc5 47. b6 Rxa5 48. b4 Ra6 49. bxa7 Rxa7 50. b5 Rb7 51. Rd5 Ra7 52. Rd3 Rd7 53. Rc3 Rb7 54. Rc5 Ra7 55. Rc3 Kd6 56. gxf4 gxf4 57. Rd3+ Kc7 58. Rd5 Ra3+ 59. Kg2 Ra2+ 60. Kf3 Ra3+ 61. Kg2 Re3 62. Kf2 Rxh3 1/2-1/2

[Event "Sokolka op 5th"]
[Site "Sokolka"]
[Date "2014.07.13"]
[Round "6"]
[White "Olszewski, Andrzej"]
[Black "Kozaczynska, Aleksandra"]
[Result "1/2-1/2"]
[WhiteElo "2196"]
[BlackElo "1583"]
[PlyCount "23"]
[EventDate "2014.07.08"]
[EventType "swiss"]
[EventRounds "9"]
[EventCountry "POL"]
[SourceTitle "CBM 161 Extra"]
[Source "ChessBase"]
[SourceDate "2014.08.29"]
[SourceVersion "1"]
[SourceVersionDate "2014.08.29"]
[SourceQuality "1"]

1. e4 c5 2. b3 d6 3. Bb2 Nc6 4. Bb5 Bd7 5. f4 a6 6. Bxc6 Bxc6 7. d3 e6 8. Nf3 Nf6 9. Nbd2 Be7 10. Qe2 Qc7 11. 0-0 Rg8 12. a4 1/2-1/2

[Event "Sokolka op 5th"]
[Site "Sokolka"]
[Date "2014.07.10"]
[Round "3"]
[White "Kozaczynska, Aleksandra"]
[Black "Gora, Krzysztof"]
[Result "1-0"]
[WhiteElo "1583"]
[BlackElo "1456"]
[PlyCount "77"]
[EventDate "2014.07.08"]
[EventType "swiss"]
[EventRounds "9"]
[EventCountry "POL"]
[SourceTitle "CBM 161 Extra"]
[Source "ChessBase"]
[SourceDate "2014.08.29"]
[SourceVersion "1"]
[SourceVersionDate "2014.08.29"]
[SourceQuality "1"]

1. e4 e6 2. d4 d5 3. exd5 exd5 4. Bd3 Bd6 5. Qf3 Ne7 6. Ne2 0-0 7. 0-0 Be6 8. c3 Nd7 9. Bf4 Nf6 10. h3 Ng6 11. Bg5 Be7 12. Nf4 Nxf4 13. Bxf4 Bd6 14. Nd2 Qd7 15. Bg5 Be7 16. Qg3 h6 17. Bxh6 Nh5 18. Qf3 Nf6 19. Bg5 Rae8 20. Nb3 b6 21. Bxf6 Bxf6 22. a4 c6 23. a5 Bd8 24. axb6 axb6 25. Ra6 Bc7 26. Rfa1 Qd6 27. g3 g6 28. h4 Kg7 29. Ra7 Rh8 30. Bc2 Qd7 31. Nd2 Bg4 32. Rxc7 Bxf3 33. Rxd7 Re2 34. Nxf3 Rxc2 35. Ne5 Re8 36. Rxf7+ Kg8 37. Rf6 Rxb2 38. Rxg6+ Kh7 39. Ra7+ 1-0

[Event "POL-ch U16 Girls"]
[Site "Szczyrk"]
[Date "2013.??.??"]
[Round "5"]
[White "Lascar, Radoslawa"]
[Black "Kozaczynska, Aleksandra"]
[Result "0-1"]
[WhiteElo "1728"]
[BlackElo "1552"]
[PlyCount "88"]
[EventDate "2013.03.17"]
[EventType "swiss"]
[EventRounds "9"]
[EventCountry "POL"]
[SourceTitle "CBM 153 Extra"]
[Source "ChessBase"]
[SourceDate "2013.04.22"]
[SourceVersion "1"]
[SourceVersionDate "2013.04.22"]
[SourceQuality "1"]

1. e4 c5 2. Nf3 d6 3. d4 cxd4 4. Nxd4 Nf6 5. Nc3 g6 6. Be3 Bg7 7. f3 a6 8. Qd2 b5 9. g4 Bb7 10. 0-0-0 Nc6 11. h4 h5 12. gxh5 Nxh5 13. Bg2 Ne5 14. b3 Rc8 15. Nd5 Nf6 16. Nxf6+ Bxf6 17. Bg5 Bg7 18. h5 gxh5 19. Nf5 Bf8 20. Rh3 Qc7 21. f4 Ng6 22. Bf3 Qc3 23. Qxc3 Rxc3 24. Nxd6+ exd6 25. Bf6 Rxf3 26. Rxf3 Rh7 27. Rf2 Be7 28. e5 Bxf6 29. exf6 Kd7 30. f5 Ne5 31. Rfd2 d5 32. Re2 Ng4 33. c4 Nxf6 34. cxd5 Bxd5 35. Rd4 Kd6 36. Kd2 Rg7 37. Kc3 Rg5 38. Rf4 Be4 39. Kd4 Bc6 40. Ref2 Rg1 41. Rd2 Rh1 42. a4 h4 43. axb5 axb5 44. Kc3+ Ke5 0-1

[Event "Solina Mind Sports U14 Girls op "]
[Site "Solina"]
[Date "2012.04.21"]
[Round "9"]
[White "Wierzbowska, Aleksandra"]
[Black "Kozaczynska, Aleksandra"]
[Result "0-1"]
[WhiteElo "1486"]
[BlackElo "1535"]
[PlyCount "92"]
[EventDate "2012.04.15"]
[EventType "swiss"]
[EventRounds "9"]
[EventCountry "POL"]
[SourceTitle "EXT 2014"]
[Source "ChessBase"]
[SourceDate "2013.11.20"]
[SourceVersion "1"]
[SourceVersionDate "2013.11.20"]
[SourceQuality "1"]

1. d4 Nf6 2. Nc3 g6 3. Bf4 Bg7 4. e3 d6 5. Bd3 Nbd7 6. Nf3 0-0 7. 0-0 Nh5 8. Bg3 Nxg3 9. fxg3 c5 10. d5 Ne5 11. e4 a6 12. a4 Qb6 13. Kh1 Qxb2 14. Ne2 Nxf3 15. Rb1 Qa3 16. Rxf3 Qxa4 17. Qd2 Bg4 18. Rf2 Bxe2 19. Qxe2 b5 20. c4 b4 21. Bc2 Qa2 22. Rf3 a5 23. Qd3 a4 24. h4 b3 25. Bd1 b2 26. Rf1 Rab8 27. h5 Rb4 28. Bc2 Qxc4 29. Rf3 a3 30. e5 Qxd3 31. Rxd3 a2 32. Ra3 axb1Q+ 33. Bxb1 Bxe5 34. Kh2 Rd4 35. Kh3 Rd1 36. Bc2 b1Q 37. Bxb1 Rxb1 38. h6 Rh1+ 39. Kg4 Rxh6 40. Rf3 Rh2 41. Rf2 c4 42. Rc2 c3 43. Rf2 Rc8 44. Rf3 c2 45. Rc3 Rxc3 46. Kg5 Rxg3# 0-1

[Event "Solina Mind Sports U14 Girls op "]
[Site "Solina"]
[Date "2012.04.18"]
[Round "5"]
[White "Chadzynska, Magdalena"]
[Black "Kozaczynska, Aleksandra"]
[Result "1-0"]
[WhiteElo "1371"]
[BlackElo "1535"]
[PlyCount "97"]
[EventDate "2012.04.15"]
[EventType "swiss"]
[EventRounds "9"]
[EventCountry "POL"]
[SourceTitle "EXT 2014"]
[Source "ChessBase"]
[SourceDate "2013.11.20"]
[SourceVersion "1"]
[SourceVersionDate "2013.11.20"]
[SourceQuality "1"]

1. e4 c5 2. Nc3 d6 3. g3 g6 4. Bg2 Bg7 5. d3 Nc6 6. Be3 e5 7. Qd2 a6 8. Nge2 Nge7 9. Bh6 0-0 10. h4 f6 11. Bxg7 Kxg7 12. h5 Rh8 13. 0-0-0 Be6 14. hxg6 hxg6 15. Rxh8 Qxh8 16. Rh1 Qg8 17. f4 Bd7 18. fxe5 Nxe5 19. d4 Nc4 20. Qh6+ Kf7 21. Qh7+ Qg7 22. dxc5 dxc5 23. e5 Nxe5 24. Nd5 Bc6 25. Nef4 Rg8 26. Nxe7 Bxg2 27. Nxg8 Bxh1 28. Nh6+ Kf8 29. Ne6+ Ke7 30. Nxg7 Kd6 31. Ne8+ Ke6 32. Nc7+ Kd6 33. Nf7+ Nxf7 34. Qxf7 f5 35. Ne8+ Kc6 36. Qxg6+ Kd7 37. Nf6+ Ke7 38. Qh7+ Kxf6 39. Qxh1 b5 40. Qc6+ Kg5 41. Qxc5 Kg4 42. Kd2 Kxg3 43. Qxf5 Kg2 44. Qf4 a5 45. Ke2 a4 46. Qf3+ Kh2 47. Qg4 a3 48. Kf2 axb2 49. Qg2# 1-0

[Event "Solina Mind Sports U14 Girls op "]
[Site "Solina"]
[Date "2012.04.17"]
[Round "4"]
[White "Kozaczynska, Aleksandra"]
[Black "Sobczak, Marta"]
[Result "1-0"]
[WhiteElo "1535"]
[BlackElo "1440"]
[PlyCount "127"]
[EventDate "2012.04.15"]
[EventType "swiss"]
[EventRounds "9"]
[EventCountry "POL"]
[SourceTitle "EXT 2014"]
[Source "ChessBase"]
[SourceDate "2013.11.20"]
[SourceVersion "1"]
[SourceVersionDate "2013.11.20"]
[SourceQuality "1"]

1. e4 e6 2. d4 d5 3. exd5 exd5 4. Bd3 Bd6 5. Qf3 Be6 6. Ne2 Ne7 7. Bg5 Nbc6 8. c3 h6 9. Bf4 a6 10. Nd2 Bxf4 11. Nxf4 Qd7 12. h3 Bf5 13. 0-0 Bxd3 14. Nxd3 0-0 15. Nc5 Qc8 16. Rfe1 b6 17. Nd3 Re8 18. Re3 Qf5 19. Qg3 Qd7 20. Rae1 Red8 21. Qf3 Ng6 22. Nf4 Nh4 23. Qh5 Nf5 24. Rf3 g6 25. Nxg6 fxg6 26. Qxg6+ Ng7 27. Rf6 Na5 28. Qxh6 Re8 29. Rxe8+ Rxe8 30. Nf3 Re6 31. Ng5 Rxf6 32. Qh7+ Kf8 33. Qh8+ Ke7 34. Qxg7+ Kd8 35. Qxf6+ Kc8 36. Qe6 Nc4 37. b3 Nd2 38. Qxd7+ Kxd7 39. g4 Ke7 40. Kg2 Nb1 41. h4 Nxc3 42. h5 Kf6 43. f4 Nxa2 44. h6 Nb4 45. h7 Kg7 46. f5 c5 47. f6+ Kxf6 48. h8Q+ Kxg5 49. Qd8+ Kxg4 50. Qxb6 Nc2 51. Qg6+ Kf4 52. Qxc2 cxd4 53. Qd3 Ke5 54. Qxa6 Ke4 55. Qe2+ Kf5 56. Qd3+ Ke5 57. b4 Ke6 58. Qxd4 Kd6 59. b5 Kc7 60. Qxd5 Kb8 61. Qf7 Ka8 62. b6 Kb8 63. Qc7+ Ka8 64. Qa7# 1-0

[Event "Bialystok-ch U20"]
[Site "Bialystok"]
[Date "2012.??.??"]
[Round "3"]
[White "Kozaczynska, Aleksandra"]
[Black "Burakowska, Gabriela"]
[Result "0-1"]
[WhiteElo "1541"]
[BlackElo "1554"]
[PlyCount "146"]
[EventDate "2012.02.??"]
[EventType "tourn"]
[EventRounds "9"]
[EventCountry "POL"]
[SourceTitle "EXT 2014"]
[Source "ChessBase"]
[SourceDate "2013.11.20"]
[SourceVersion "1"]
[SourceVersionDate "2013.11.20"]
[SourceQuality "1"]

1. e4 c5 2. Nf3 e6 3. d4 cxd4 4. Nxd4 a6 5. Bd3 b5 6. Nc3 Bb7 7. 0-0 d6 8. Kh1 Nf6 9. a3 Be7 10. f4 Nc6 11. Nxc6 Bxc6 12. Qe2 Qc7 13. Bd2 Nd7 14. Rae1 Bh4 15. Rd1 Qb7 16. Na2 a5 17. Bc3 Bf6 18. e5 dxe5 19. fxe5 Be7 20. Qg4 0-0 21. Rde1 Nc5 22. Re3 Nxd3 23. Rxd3 Rfd8 24. Rg3 Bf8 25. b4 a4 26. Nc1 Rac8 27. Ne2 Be4 28. Rc1 Rc4 29. Qg5 Qe7 30. Qe3 Qc7 31. Nd4 Qb7 32. Nf3 Rdc8 33. Ng5 Bxg2+ 34. Rxg2 Rxc3 35. Qf2 h6 36. Nxe6 fxe6 37. Rf1 Rxc2 38. Qg3 Qxg2+ 39. Qxg2 Rxg2 40. Kxg2 Rc2+ 41. Kg1 Rc3 42. Ra1 g5 43. Kg2 Bg7 44. Rd1 Bxe5 45. Rd8+ Kf7 46. Rd7+ Kf6 47. Rb7 Rxa3 48. Rxb5 Ra2+ 49. Kf3 Bxh2 50. Rb6 Kf5 51. b5 h5 52. Rc6 g4+ 53. Ke3 Bf4+ 54. Kd3 Rd2+ 55. Kc3 a3 56. Rc5+ Rd5 57. Rc4 Rxb5 58. Ra4 Be5+ 59. Kc4 Rd5 60. Rxa3 Rd4+ 61. Kc5 Bd6+ 62. Kxd4 Bxa3 63. Ke3 h4 64. Kf2 Kf4 65. Kg2 e5 66. Kf2 h3 67. Kg1 Kf3 68. Kh1 g3 69. Kg1 Bc1 70. Kh1 g2+ 71. Kg1 Be3+ 72. Kh2 g1Q+ 73. Kxh3 Qg3# 0-1